000 00643nam a2200229 i 4500
001 C2-0132301
003 PPAK
005 20180727122837.0
008 971022s1987 my a|||| ||||| | may d
040 _aPPAK
_beng
_cPPAK
_erda
082 0 4 _a899.233
_223
090 0 0 _a899.233
_bABD
_dK
100 0 _aAbdul Wahab,
_eauthor
245 1 0 _aKancil mengurut harimau
264 1 _aShah Alam, Selangor :
_bPustaka Jaya ,
_c1987
300 _a22 pages :
_bcolour illustrations ;
_c25 cm
336 _2rdacontent
_atext
337 _2rdamedia
_aunmediated
338 _2rdacarrier
_avolume
650 1 0 _aChildren's stories, Malay
942 _ddc
_cB
999 _c41334
_d41334